Месяцословы, календари и святцы русские (Запись № 4631718)
[ простой вид ]
| 000 -МАРКЕР | |
|---|---|
| контрольное поле | 02468nam1a22004091i 4500 |
| 001 - ИДЕНТИФИКАТОР ЗАПИСИ | |
| контрольное поле | v19\rc\1338097 |
| 005 - ИДЕНТИФИКАТОР ВЕРСИИ | |
| контрольное поле | 20260406075049.0 |
| 035 ## - ДРУГИЕ СИСТЕМНЫЕ НОМЕРА | |
| Идентификатор записи | (NLR Aleph) 004486956 |
| 100 ## - ДАННЫЕ ОБЩЕЙ ОБРАБОТКИ | |
| Данные общей обработки | 20060512g18561860|||y0rusy50 ca |
| 101 0# - ЯЗЫК РЕСУРСА | |
| Язык текста, звукозаписи и т.д. | русский |
| 102 ## - СТРАНА ПУБЛИКАЦИИ ИЛИ ПРОИЗВОДСТВА | |
| Страна публикации | Российская Федерация |
| 105 ## - ПОЛЕ КОДИРОВАННЫХ ДАННЫХ: ТЕКСТОВЫЕ МАТЕРИАЛЫ, МОНОГРАФИЧЕСКИЕ | |
| Кодированные данные о монографическом текстовом документе | z ||||| |
| 200 1# - ЗАГЛАВИЕ И СВЕДЕНИЯ ОБ ОТВЕТСТВЕННОСТИ | |
| Основное заглавие | Месяцословы, календари и святцы русские |
| Сведения, относящиеся к заглавию | В 3 [!4] кн. |
| Первые сведения об ответственности | Соч. хронол. и ист. Петра Хавского, д. чл. Моск. о-ва истории и древностей рос. ... |
| 205 ## - СВЕДЕНИЯ ОБ ИЗДАНИИ | |
| Сведения об издании | 2-е изд. Кн. 1-4 |
| 210 ## - ПУБЛИКАЦИЯ, РАСПРОСТРАНЕНИЕ И ДР. | |
| Место издания, распространения и т.д. | Москва |
| Имя издателя, распространителя и т. д. | Унив. тип. |
| Дата издания, распространения и т.д. | 1856-1860 |
| 215 ## - ФИЗИЧЕСКАЯ ХАРАКТЕРИСТИКА | |
| Специфическое обозначение материала и объем | 1 т. |
| Размеры | 23 |
| 300 ## - ОБЩИЕ ПРИМЕЧАНИЯ | |
| Текст примечания | Во 2 и 3 книгах общ. загл. отсутствует |
| 300 ## - ОБЩИЕ ПРИМЕЧАНИЯ | |
| Текст примечания | На тит. л. 2 книги загл.: "Сокращенные хронологические таблицы, на текущий 14 великий индиктион, или 532-х-летие, указывающие порядок следования годов: пасхальных в 350, 357, 378 и 385 дней, и январских в 365 и 366 дней"; в 3 кн.: "Азбучный указатель к двум книгам, под заглавием: Месяцоловы, календари и святцы, или часть третья этих книг" |
| 300 ## - ОБЩИЕ ПРИМЕЧАНИЯ | |
| Текст примечания | Кн. 1-4 |
| 517 0# - ДРУГИЕ ВАРИАНТЫ ЗАГЛАВИЯ | |
| Вариант заглавия | Сокращенные хронологические таблицы, на текущий 14 великий индиктион, или 532-х-летие, указывающие порядок следования годов: пасхальных в 350, 357, 378 и 385 дней, и январских в 365 и 366 дней |
| 517 0# - ДРУГИЕ ВАРИАНТЫ ЗАГЛАВИЯ | |
| Вариант заглавия | Азбучный указатель к двум книгам, под заглавием: Месяцоловы, календари и святцы, или часть третья этих книг |
| 700 #1 - ИМЯ ЛИЦА - ПЕРВИЧНАЯ ОТВЕТСТВЕННОСТЬ | |
| Графика поля | Кириллица |
| Материалы, к которым относится поле | rus |
| Начальный элемент ввода | Хавский |
| Часть имени, кроме начального элемента ввода | П. В. |
| Даты | 1774-1876 |
| Расширение инициалов личного имени | Петр Васильевич |
| Системный номер авторитетной/нормативной записи | 19287 |
| Идентификатор авторитетной/нормативной записи | RU\NLR\AUTH\7736297 |
| 801 #0 - ИСТОЧНИК ЗАПИСИ | |
| Страна | Российская Федерация |
| Организация | NLR |
| Правила каталогизации | psbo |
| 801 #0 - ИСТОЧНИК ЗАПИСИ | |
| Страна | Российская Федерация |
| Организация | RuMoRGB |
| Источник данных | psbo |
| 801 #1 - ИСТОЧНИК ЗАПИСИ | |
| Страна | Российская Федерация |
| Организация | ProSoft-M |
| Источник данных | rusmarc |
| 852 ## - МЕСТОНАХОЖДЕНИЕ И ШИФР ХРАНЕНИЯ | |
| Идентификатор организации | NLR |
| Шифр хранения (Call Number) | 18.39.6.14 |
| 899 ## - ДАННЫЕ О МЕСТОНАХОЖДЕНИИ (устаревшее) | |
| Местонахождение | RuMoRGB |
| Шифр хранения | P 6/72 |
| 899 ## - ДАННЫЕ О МЕСТОНАХОЖДЕНИИ (устаревшее) | |
| Местонахождение | RuMoRGB |
| Шифр хранения | V 39/41 |
| 899 ## - ДАННЫЕ О МЕСТОНАХОЖДЕНИИ (устаревшее) | |
| Местонахождение | RuMoRGB |
| Шифр хранения | S 2/42 |
| 899 ## - ДАННЫЕ О МЕСТОНАХОЖДЕНИИ (устаревшее) | |
| Местонахождение | RuMoRGB |
| Шифр хранения | N 16/82 |
| 899 ## - ДАННЫЕ О МЕСТОНАХОЖДЕНИИ (устаревшее) | |
| Местонахождение | RuMoRGB |
| Шифр хранения | МК |
| 899 ## - ДАННЫЕ О МЕСТОНАХОЖДЕНИИ (устаревшее) | |
| Местонахождение | RuMoRGB |
| Шифр хранения | 801-83/14898-6 |
| 899 ## - ДАННЫЕ О МЕСТОНАХОЖДЕНИИ (устаревшее) | |
| Местонахождение | БАН |
| 899 ## - ДАННЫЕ О МЕСТОНАХОЖДЕНИИ (устаревшее) | |
| Местонахождение | НБ СПбГУ |
| 899 ## - ДАННЫЕ О МЕСТОНАХОЖДЕНИИ (устаревшее) | |
| Местонахождение | ГПИБ (1-3) |
| 942 ## - ДОПОЛНИТЕЛЬНЫЕ ЭЛЕМЕНТЫ ЗАПИСИ (АБИС) | |
| Тип экземпляра АБИС | Книга |
Нет доступных экземпляров.